000 00308nam a2200121Ia 4500
008 190723s9999 xx 000 0 und d
020 _a978-969-407-390-3
100 _aSyed Abdul Quddus
245 0 _aBureaucracy and Management in Pakistan
260 _aKarachi
_bRoyal Book
300 _a332
942 _cBK
999 _c1265
_d1265